00490 a2200157 4500010001400000020002300014035001300037037001500050082001000065100002300075245008900098260003300187270006500220300002700285500002000312 aENG-86682 c350.00a8178240726 aEN-70215 hbDBAD / PUB14a305.51 aDirks, Nicholas B.1 aCastes of mind :cby Nicholas B. Dirksbcolonialism and the making of modern India / aDelhibPermanent Blackc2006 aD-28, Oxford Apartments, 11, I. P. ExtensionbDelhie110 092 axv, 372 pc22 cm (Pbk) aIncludes index